[Event "Open Server Series, S40209"]
[Site "CCLA"]
[Date "2014.06.13"]
[Round "?"]
[White "Catania, Duane"]
[Black "Richardson, Ryan M."]
[Result "1/2-1/2"]
[WhiteElo "1774"]
[BlackElo "1689"]

1. e4 e5 2. Nf3 Nc6 3. Bc4 Bc5 4. c3 Nf6 5. d3 O-O 6. O-O d6 7. Bg5 h6 8. 
Bh4 g5 9. Bg3 Bg4 10. Nbd2 a6 11. Bb3 Ne7 12. Re1 Ng6 13. Nf1 Nh5 14. h3 
Nxg3 15. Nxg3 Be6 16. Bc2 g4 17. hxg4 Bxg4 18. d4 Bxf3 19. Qxf3 exd4 20. 
Nf5 dxc3 21. Qxc3 Ne5 22. Nxh6+ Kg7 23. Nf5+ Kg6 24. g3 Rh8 25. Kg2 f6 26.
 Rh1 Qd7 27. f4 Qb5 28. Qd2 Nc4 29. Qe1 Rxh1 30. Kxh1 Qxb2 31. Qd1 Ne3 32.
 Nxe3 Rh8+ 33. Kg2 Bxe3 34. Qg4+ Kf7 1/2-1/2

[Event "NA Master/Expert Server Championship, S40099"]
[Site "CCLA"]
[Date "2014.04.30"]
[Round "?"]
[White "Cross, Gregory W."]
[Black "Belanoff, Stuart"]
[Result "1/2-1/2"]
[WhiteElo "2207"]
[BlackElo "2294"]

1. e4 e5 2. Nf3 Nc6 3. Bc4 Bc5 4. c3 Nf6 5. d3 O-O 6. O-O d6 7. Nbd2 Ne7 
8. d4 exd4 9. cxd4 Bb6 10. e5 Nfd5 11. Ne4 Bf5 12. Re1 dxe5 13. dxe5 Qd7 
14. Qb3 c6 15. Bg5 Ng6 16. h3 Ba5 17. Nc5 Qc8 18. Rec1 b6 19. Bxd5 cxd5 
20. Qxd5 bxc5 21. Rxc5 Be4 22. Qc4 Qb7 23. Rxa5 Bxf3 24. gxf3 Qxf3 25. Qg4
Qb7 26. Qd4 h6 27. Be3 Rad8 1/2-1/2

[Event "Continuous Server Series, S40049"]
[Site "CCLA"]
[Date "2014.02.07"]
[Round "?"]
[White "Laven, George"]
[Black "Strelecky, Rich"]
[Result "1-0"]
[WhiteElo "1834"]
[BlackElo "1584"]

1. e4 e5 2. Nf3 Nc6 3. Bc4 Bc5 4. d4 exd4 5. c3 Nf6 6. e5 d5 7. Bb5 Ne4 8.
 cxd4 Bb6 9. Nc3 O-O 10. Be3 Ne7 11. Bd3 Ba5 12. Qc2 Bf5 13. O-O c6 14. 
Nxe4 Bxe4 15. Bxe4 dxe4 16. Qxe4 Qd5 17. Qd3 Rfd8 18. Bg5 Rd7 19. Bxe7 
Rxe7 20. Ng5 g6 21. Ne4 Kh8 22. Nf6 Qe6 23. Rfd1 c5 24. f4 cxd4 25. Rac1 
Bb6 26. Qg3 h6 27. a3 a6 28. Qh4 Kg7 29. Ng4 d3+ 30. Kh1 Rh8 31. Qf6+ Kg8 
32. Rxd3 Qxf6 33. Nxf6+ Kg7 34. b4 h5 35. h4 Bf2 36. g3 b5 37. Kg2 Bb6 38.
 Kf3 Rd8 39. Rxd8 Bxd8 40. Rc8 Bb6 41. Ne8+ Kh6 42. Rc6 Bd8 43. Nd6 Ra7 
44. Ke4 Kh7 45. Kd5 Kg7 46. e6 fxe6+ 47. Kxe6 Re7+ 48. Kd5 a5 49. Nxb5 
axb4 50. axb4 Re3 51. Rc3 Re7 52. Nd6 Re1 53. b5 Rd1+ 54. Kc6 Ba5 55. Rb3 
Rc1+ 56. Kb7 Bd8 57. b6 Ra1 58. Kc8 Ra8+ 59. Kd7 Rb8 60. b7 1-0

[Event " NA Class A Server Championship, S40109"]
[Site "CCLA"]
[Date "2014.04.30"]
[Round "?"]
[White "Bapple, Edward C."]
[Black "Sereni, Vincent T."]
[Result "0-1"]
[WhiteElo "1979"]
[BlackElo "2118"]

1. e4 e5 2. Nf3 Nc6 3. d4 exd4 4. Bc4 Bc5 5. c3 Nf6 6. e5 d5 7. Bb5 Ne4 8.
 cxd4 Bb6 9. O-O O-O 10. Be3 f5 11. Bxc6 bxc6 12. Qc1 Ba6 13. Re1 Qd7 14. 
Nc3 Rae8 15. Qc2 Re6 16. b4 Bc4 17. a4 a5 18. Nxe4 fxe4 19. Ng5 Rg6 20. 
Nxe4 Qg4 21. Ng3 axb4 22. h3 Qd7 23. a5 Ba7 24. Qb2 b3 25. Rec1 Qf7 26. 
Kh2 Qe7 27. Nf1 c5 28. dxc5 Bxc5 29. Bxc5 Qxc5 30. Ne3 Qb5 31. Nd1 Ra6 32.
 Qd2 Qe8 33. f4 Qf7 34. g3 g5 35. fxg5 Re6 36. Ne3 Qf2+ 37. Qxf2 Rxf2+ 38.
 Kg1 Re2 39. Nxc4 dxc4 40. Rxc4 R6xe5 41. Rf1 b2 42. a6 Ra5 43. Rxc7 Rxa6 
44. g6 hxg6 0-1

[Event "Summer Server Series, S40061"]
[Site "CCLA"]
[Date "2014.07.28"]
[Round "?"]
[White "Anderson, Clarence"]
[Black "Fausey, Verna M."]
[Result "1/2-1/2"]
[WhiteElo "1798"]
[BlackElo "1747"]

1. e4 e5 2. Nf3 Nc6 3. Bc4 Nf6 4. d3 Be7 5. Bb3 d5 6. Qe2 Bg4 7. c3 dxe4 
8. dxe4 O-O 9. h3 Bh5 10. g4 Bg6 11. Nbd2 Nd7 12. Nf1 Nc5 13. Bc2 Qd6 14. 
Ng3 Rad8 15. Be3 Nd3+ 16. Kf1 Nf4 17. Qb5 Rb8 18. Rd1 Qe6 19. Bb3 a6 20. 
Bxe6 axb5 21. Bb3 Bd6 22. Nf5 Bxf5 23. exf5 Rbd8 24. Bxf4 exf4 25. Bc2 h6 
26. Kg2 Rfe8 27. Rhe1 Ne7 28. Nd4 c6 29. Bb3 b4 30. cxb4 Bxb4 31. Re4 Bd6 
32. Ne2 Kf8 33. Nxf4 Nxf5 34. Rxe8+ Kxe8 35. gxf5 Bxf4 36. Bxf7+ Ke7 37. 
Rxd8 Kxd8 38. a4 Ke7 39. Bc4 Kf6 40. Bd3 b6 41. Kf3 Be5 42. b3 Bd4 43. Kg3
Kf7 44. Be4 c5 45. f3 Kf6 46. Kg4 Ke5 47. Bd3 1/2-1/2

[Event "Winter Server Series, S40021"]
[Site "CCLA"]
[Date "2014.01.27"]
[Round "?"]
[White "Anderson, Clarence"]
[Black "Branton, Gary"]
[Result "1-0"]
[WhiteElo "1798"]
[BlackElo "1856"]

1. e4 e5 2. Nf3 Nc6 3. Bc4 Nf6 4. d3 Be7 5. Bb3 O-O 6. c3 d6 7. Nbd2 Na5 
8. Bc2 c5 9. O-O Nc6 10. Re1 Re8 11. Nf1 h6 12. h3 Bf8 13. Ne3 a6 14. Nh2 
Be6 15. Qf3 b5 16. Nhg4 Nxg4 17. hxg4 Qd7 18. Nf5 d5 19. g3 d4 20. Kg2 
Bxf5 21. gxf5 Qd6 22. Bb3 b4 23. Rh1 bxc3 24. bxc3 Qf6 25. Qg4 Kh7 26. Bg5
Qd6 27. Bxf7 dxc3 28. Bxh6 Qxh6 29. Rxh6+ gxh6 30. Qg8# 1-0

[Event " NA Class A Server Championship, S40109"]
[Site "CCLA"]
[Date "2014.04.30"]
[Round "?"]
[White "Anderson, Clarence"]
[Black "Vecchio, Ralph"]
[Result "0-1"]
[WhiteElo "1798"]
[BlackElo "1815"]

1. e4 e5 2. Nf3 Nc6 3. Bc4 Nf6 4. d3 Be7 5. Bb3 O-O 6. Nbd2 d6 7. c3 h6 8.
 Nf1 d5 9. Qe2 d4 10. h3 Qd6 11. Ng3 b6 12. Nh4 dxc3 13. Nhf5 cxb2 14. 
Bxb2 Qb4+ 15. Kf1 Ba6 16. Rc1 Bb5 17. Nxe7+ Qxe7 18. a4 Na5 19. Bxf7+ Rxf7
20. axb5 g6 21. Qe3 Nb3 22. Qxh6 Nxc1 23. Qxg6+ Rg7 24. Nf5 Rxg6 25. Nxe7+
Kh7 26. Nxg6 Nxd3 27. Bxe5 Nxe5 28. Nxe5 Nxe4 29. g4 Nc3 30. Kg2 Nxb5 31. 
g5 Nd4 32. h4 Kg8 33. g6 Kg7 34. h5 Nf5 35. f4 a5 36. Kf3 a4 37. Kg4 Nh6+ 
38. Kg5 Rf8 39. Rf1 Rf5+ 40. Kh4 a3 41. Ng4 a2 42. Ne3 Rxf4+ 0-1

[Event "Continuous Server Series, S40019"]
[Site "CCLA"]
[Date "2014.01.20"]
[Round "?"]
[White "Gunning, Edward E."]
[Black "Wolff, Nicholas"]
[Result "0-1"]
[WhiteElo "1350"]
[BlackElo "1568"]

1. e4 e5 2. Bc4 Nf6 3. d3 Nc6 4. Nf3 Be7 5. Ng5 O-O 6. Nxf7 Rxf7 7. Bxf7+ 
Kxf7 8. O-O d6 9. f3 Be6 10. Nc3 Kg8 11. f4 Bg4 12. Qd2 Nd4 13. f5 Nh5 14.
 Qf2 Nf6 15. h3 Bh5 16. Be3 c5 17. Nd5 Nxd5 18. exd5 Bh4 19. g3 Ne2+ 20. 
Kh1 Nxg3+ 21. Kh2 Nxf1+ 22. Qxf1 Bg5 23. Qe1 Bxe3 24. Qxe3 Qh4 25. Rg1 
Qf4+ 26. Rg3 Qxe3 27. Rxe3 Rf8 28. c4 Rxf5 29. Kg1 Rf3 30. Rxf3 Bxf3 31. 
Kf2 Bh5 32. Ke3 a5 33. b3 Kf7 34. Ke4 Kf6 35. Ke3 Kf5 36. a3 b6 37. Kd2 
Kf4 38. Kc3 Ke3 39. b4 a4 40. h4 Bg6 41. bxc5 bxc5 0-1

[Event "Premier Quad, S40439"]
[Site "CCLA"]
[Date "2014.12.19"]
[Round "?"]
[White "Ragan, Anthony"]
[Black "Fausey, Verna M."]
[Result "1-0"]
[WhiteElo "1900"]
[BlackElo "1747"]

1. e4 e5 2. Nf3 Nc6 3. Bc4 Nf6 4. d3 Be7 5. O-O O-O 6. Bb3 d5 7. exd5 Nxd5
8. Re1 Bg4 9. h3 Bh5 10. g4 Bg6 11. Nxe5 Nxe5 12. Rxe5 c6 13. Qf3 Bd6 14. 
Re2 f5 15. Nc3 fxg4 16. Qxg4 Rf5 17. Ne4 Kh8 18. Bg5 Qf8 19. Nxd6 Rxg5 20.
 Qxg5 Qxd6 21. Bxd5 cxd5 22. Qe7 h6 23. Qxd6 Bf7 24. Rae1 1-0

[Event "Premier Quad, S40439"]
[Site "CCLA"]
[Date "2014.12.19"]
[Round "?"]
[White "Ragan, Anthony"]
[Black "Disque, Philip"]
[Result "1-0"]
[WhiteElo "1900"]
[BlackElo "1669"]

1. e4 e5 2. Nf3 Nc6 3. Bc4 Nf6 4. d3 Be7 5. O-O O-O 6. Bb3 d6 7. c3 Na5 8.
 Bc2 c5 9. a3 b6 10. b4 Nc6 11. b5 Na5 12. c4 Bb7 13. Bd2 Qd7 14. Nc3 h6 
15. h3 Bd8 16. Qe2 Bc7 17. Nh4 Kh7 18. Nf5 Ng8 19. Qg4 f6 20. Nxh6 Rad8 
21. Qxd7 Rxd7 22. Nf5 g6 23. Ne3 Rg7 24. Ncd5 Bd8 25. f4 Bc8 26. f5 Nh6 
27. fxg6+ Rxg6 28. Kh2 Kg7 29. Nf5+ Nxf5 30. exf5 Bxf5 31. Rxf5 Kf7 32. g4
1-0

[Event "NA Class B Server Championship, S40119"]
[Site "CCLA"]
[Date "2014.04.30"]
[Round "?"]
[White "Laaman, Thomas"]
[Black "Disque, Philip"]
[Result "0-1"]
[WhiteElo "1588"]
[BlackElo "1669"]

1. e4 Nc6 2. d4 e5 3. Nf3 exd4 4. Bc4 Nf6 5. e5 Ng4 6. Bxf7+ Kxf7 7. Ng5+ 
Kg8 8. Qxg4 h6 9. Nf3 d6 10. e6 Qf6 11. Nbd2 Bxe6 12. Qg3 Bf5 13. O-O Bxc2
14. Re1 Qg6 15. Qf4 Re8 16. Rxe8 Qxe8 17. b3 Be7 18. Nxd4 Bg5 19. Qg4 Qe1+
20. Nf1 Qe4 21. Qxe4 Bxe4 22. Nxc6 Bf6 23. Nxa7 Bxa1 24. Nb5 Kf7 25. Be3 
Rc8 26. Bb6 Ke7 27. Bd4 Bxd4 28. Nxd4 c5 29. Ne2 Bd3 30. Nc3 Bxf1 31. Kxf1
Ke6 32. f4 d5 33. Ke2 d4 34. Nb5 Kd5 35. a4 Re8+ 36. Kd1 Re3 0-1

[Event "Winter Server Series, S40021"]
[Site "CCLA"]
[Date "2014.01.27"]
[Round "?"]
[White "Bapple, Edward C."]
[Black "Shannon, Paul D."]
[Result "1-0"]
[WhiteElo "1979"]
[BlackElo "1832"]

1. e4 e5 2. Nf3 Nc6 3. d4 exd4 4. Bc4 Nf6 5. e5 d5 6. Bb5 Ne4 7. Nxd4 Bc5 
8. Be3 Bd7 9. Bxc6 bxc6 10. Nd2 Qh4 11. O-O Bb6 12. Nxe4 Qxe4 13. Re1 O-O 
14. Nxc6 Bxc6 15. Bxb6 Qg6 16. Bxc7 Rfe8 17. Qd3 Qe6 18. Bd6 Rad8 19. f3 
Qd7 20. c3 f6 21. f4 Qb7 22. b3 d4 23. cxd4 Bxg2 24. Rac1 Bh1 25. Qg3 Bc6 
26. Rc4 Rd7 27. Rec1 Bd5 28. Rc7 1-0

[Event "Winter Server Series, S40021"]
[Site "CCLA"]
[Date "2014.01.27"]
[Round "?"]
[White "Bapple, Edward C."]
[Black "Branton, Gary"]
[Result "1-0"]
[WhiteElo "1979"]
[BlackElo "1856"]

1. e4 e5 2. Nf3 Nc6 3. d4 exd4 4. Bc4 Nf6 5. e5 d5 6. Bb5 Nd7 7. O-O Be7 
8. Re1 O-O 9. Bxc6 bxc6 10. Nxd4 Nb8 11. c4 c5 12. Nf3 d4 13. Nbd2 Be6 14.
 b3 Nc6 15. Ne4 Bg4 16. h3 Bxf3 17. Qxf3 Nxe5 18. Qg3 Ng6 19. Ba3 Bd6 20. 
Qf3 Ne5 21. Qd1 Nd7 22. Qh5 g6 23. Qd5 Nb6 24. Qc6 Nd7 25. Qxd7 Qxd7 26. 
Nf6+ Kg7 27. Nxd7 Rfe8 28. Bxc5 Bxc5 29. Nxc5 Rad8 30. Kf1 Kf8 31. Rxe8+ 
Rxe8 32. Re1 Rd8 33. Re5 d3 34. Ke1 d2+ 35. Kd1 Kg7 36. Rd5 Rxd5 37. cxd5 
Kf6 38. Ne4+ Ke5 39. Nc3 Kd4 40. Kxd2 a6 41. h4 f5 42. a3 h6 43. Ne2+ Ke5 
44. Kc3 g5 45. hxg5 hxg5 46. Kc4 f4 47. f3 a5 48. Kc5 Kf5 49. Nd4+ Kf6 50.
 Nb5 Ke7 51. Kc6 Kd8 52. Nxc7 Kc8 53. Ne6 Kb8 54. d6 a4 55. d7 axb3 56. 
d8=Q+ Ka7 57. Qb6+ Ka8 58. Qb7# 1-0

[Event " NA Class A Server Championship, S40109"]
[Site "CCLA"]
[Date "2014.04.30"]
[Round "?"]
[White "Bapple, Edward C."]
[Black "Ragan, Anthony"]
[Result "0-1"]
[WhiteElo "1979"]
[BlackElo "1900"]

1. e4 e5 2. Nf3 Nc6 3. d4 exd4 4. Bc4 Nf6 5. e5 d5 6. Bb5 Ne4 7. Nxd4 Bd7 
8. Bxc6 bxc6 9. O-O Bc5 10. f3 Ng5 11. f4 Ne4 12. Be3 O-O 13. Nd2 f5 14. 
Nxe4 fxe4 15. Qd2 Qe7 16. Nb3 Bxe3+ 17. Qxe3 a5 18. Nc5 Bg4 19. b3 Rad8 
20. Qg3 Qxc5+ 0-1

[Event "NA Master/Expert Server Championship, S40099"]
[Site "CCLA"]
[Date "2014.04.30"]
[Round "?"]
[White "Cross, Gregory W."]
[Black "Young III, William C."]
[Result "1/2-1/2"]
[WhiteElo "2207"]
[BlackElo "2104"]

1. e4 e5 2. Nf3 Nc6 3. Bc4 Nf6 4. d4 exd4 5. e5 d5 6. Bb5 Ne4 7. Nxd4 Bd7 
8. Bxc6 bxc6 9. O-O Bc5 10. f3 Ng5 11. f4 Ne4 12. Be3 Bb6 13. a4 a5 14. 
Nc3 Nxc3 15. bxc3 O-O 16. Qd2 Qe7 17. Nb3 f6 18. Bxb6 cxb6 19. Rae1 fxe5 
20. Rxe5 Qf7 21. Nd4 Rae8 22. Rb1 Rxe5 23. fxe5 c5 24. Nf3 Qe6 25. Qd3 Qc6
26. Qa6 Rb8 27. Qd3 Be8 28. e6 Bg6 29. Qe2 Be4 30. Ng5 h6 31. Nxe4 dxe4 
32. Qc4 Re8 33. e7+ Kh8 34. Qf7 1/2-1/2

[Event "Regular Quad, S40219"]
[Site "CCLA"]
[Date "2014.07.07"]
[Round "?"]
[White "Laven, George"]
[Black "Strelecky, Rich"]
[Result "1-0"]
[WhiteElo "1834"]
[BlackElo "1584"]

1. e4 e5 2. Nf3 Nc6 3. Bc4 Nf6 4. Ng5 d5 5. exd5 Nxd5 6. Nxf7 Kxf7 7. Qf3+
Ke6 8. Nc3 Ne7 9. d4 c6 10. dxe5 Kxe5 11. Bg5 h6 12. O-O-O hxg5 13. Rhe1+ 
Kd6 14. Qg3+ Kd7 15. Nxd5 Ke8 16. Nc7+ Qxc7 17. Qxc7 Bf5 18. Qxb7 Rc8 19. 
Be6 Bxe6 20. Rxe6 Kf7 21. Rde1 Re8 22. Qb3 Nd5 23. Rxe8 g4 24. Qb7+ Kg6 
25. Qxc6+ Nf6 26. Qe6 Kg5 27. Re5+ Kh6 28. Qf7 a6 29. Rxf8 Rxf8 30. Qxf8 
Kg6 31. Rg5+ Kxg5 32. Qxg7+ Kf5 33. Qxf6+ Kxf6 34. h4 1-0

[Event "Continuous Server Series, S40049"]
[Site "CCLA"]
[Date "2014.02.07"]
[Round "?"]
[White "Laven, George"]
[Black "Kline, John T."]
[Result "1-0"]
[WhiteElo "1834"]
[BlackElo "1569"]

1. e4 e5 2. Nf3 Nc6 3. Bc4 Nf6 4. Ng5 d5 5. exd5 b5 6. Bf1 Nd4 7. c3 Nxd5 
8. cxd4 Qxg5 9. Bxb5+ Kd8 10. O-O Bb7 11. Qf3 Rb8 12. dxe5 Ne3 13. Qh3 
Qxg2+ 14. Qxg2 Nxg2 15. d4 Be7 16. Be2 Nh4 17. f3 f6 18. f4 Nf5 19. Rd1 
Bd5 20. Nc3 c6 21. Nxd5 cxd5 22. Bf3 Rb4 23. Bxd5 Rxd4 24. Rxd4 Nxd4 25. 
Kg2 Kd7 26. Rb1 Rc8 27. Be3 Rc2+ 28. Kh3 fxe5 29. fxe5 Nb5 30. a4 Nc3 31. 
bxc3 Rxc3 32. Rb3 1-0

[Event " NA Class A Server Championship, S40109"]
[Site "CCLA"]
[Date "2014.04.30"]
[Round "?"]
[White "Ramsden, Jim E."]
[Black "Shannon, Paul D."]
[Result "1-0"]
[WhiteElo "1836"]
[BlackElo "1832"]

1. e4 e5 2. Nf3 Nc6 3. Bc4 Nf6 4. Ng5 d5 5. exd5 Na5 6. Bb5+ c6 7. dxc6 
bxc6 8. Qf3 Rb8 9. Ba4 Qc7 10. Nc3 Be7 11. O-O O-O 12. d3 Bg4 13. Qg3 Rb4 
14. a3 Rd4 15. f3 Bf5 16. Be3 Nh5 17. Qf2 Bxg5 18. Bxg5 Nf4 19. Bxf4 Rxf4 
20. b4 Nb7 21. Ne2 c5 22. Nxf4 exf4 23. bxc5 Nxc5 24. Bb5 Ne6 25. Rfe1 h6 
26. Bc4 Rc8 27. Rab1 Qa5 28. Rb5 1-0

[Event "Continuous Server Series, S40069"]
[Site "CCLA"]
[Date "2014.03.03"]
[Round "?"]
[White "Stroup, Jim"]
[Black "Kline, John T."]
[Result "1-0"]
[WhiteElo "1768"]
[BlackElo "1569"]

1. e4 e5 2. Nf3 Nc6 3. Bb5 g6 4. c3 a6 5. Ba4 Nge7 6. O-O Bg7 7. d4 exd4 
8. cxd4 b5 9. Bc2 O-O 10. d5 Na5 11. Nc3 d6 12. Re1 b4 13. Ne2 Bg4 14. Nf4
Nc4 15. h3 Bd7 16. Rb1 a5 17. Bb3 Bb5 18. Nd4 Ba6 19. Nde6 fxe6 20. Nxe6 
Qd7 21. Nxg7 Kxg7 22. Bxc4 Bxc4 23. Qd4+ Kg8 24. Bh6 Rf7 25. Qxc4 c6 26. 
dxc6 Qxc6 27. Qd4 Qc5 28. Qxc5 dxc5 29. Rbc1 Rc8 30. Rc4 1-0

[Event "2nd TCCL Friendly Server Tournament, 2ndTCCL"]
[Site "CCLA"]
[Date "2014.06.15"]
[Round "?"]
[White "Benson, Katie J."]
[Black "Lyons, Anthony W."]
[Result "0-1"]
[WhiteElo "1194"]
[BlackElo "1287"]

1. e4 e5 2. Nf3 Nc6 3. Bb5 Nge7 4. Bxc6 bxc6 5. Nxe5 d6 6. Nxf7 Kxf7 7. d4
Kg8 8. Bg5 h6 9. Bxe7 Qxe7 10. Nc3 c5 11. d5 Qd7 12. O-O Qg4 13. Qxg4 Bxg4
14. f3 Bh5 15. Nb5 Rb8 16. Nxa7 Rxb2 17. c4 Be7 18. Rf2 Rxf2 19. Nb5 Rb2 
20. Nxc7 Kh7 21. a4 Bd8 22. Nb5 Be8 23. h3 Bxb5 24. cxb5 Ba5 0-1

[Event "Regular Quad, S40349"]
[Site "CCLA"]
[Date "2014.10.13"]
[Round "?"]
[White "Mueller, Anthony"]
[Black "Gunning, Edward E."]
[Result "1-0"]
[WhiteElo "1367"]
[BlackElo "1350"]

1. e4 e5 2. Nf3 Nc6 3. Bb5 Nge7 4. Nc3 a6 5. Bc4 f6 6. d4 Ng6 7. dxe5 
Ncxe5 8. Nxe5 Nxe5 9. Bb3 Bd6 10. O-O c6 11. Qxd6 b5 12. Bf4 Nf7 13. Bxf7+
Kxf7 14. e5 Bb7 15. exf6 gxf6 16. Ne4 Re8 17. Ng3 Re6 18. Qd3 Kg8 19. Bh6 
d5 20. Nf5 Qc7 21. Rfe1 Bc8 22. Rxe6 Bxe6 23. Qg3+ Qxg3 24. Nxg3 d4 25. 
Re1 Bxa2 26. b3 d3 27. cxd3 Bxb3 28. Re7 Bf7 29. Ne4 Bg6 30. Nxf6+ Kh8 31.
 Bg7# 1-0

[Event "Regular Quad, S40349"]
[Site "CCLA"]
[Date "2014.10.13"]
[Round "?"]
[White "Haase, F. Philip"]
[Black "Gunning, Edward E."]
[Result "1-0"]
[WhiteElo "1304"]
[BlackElo "1350"]

1. e4 e5 2. Nf3 Nc6 3. Bb5 Nge7 4. O-O a6 5. Bc4 f6 6. d4 d6 7. dxe5 Nxe5 
8. Nxe5 fxe5 9. Qh5+ Ng6 10. Nc3 Qh4 11. Qxh4 Nxh4 12. Nd5 Ra7 13. Bg5 b5 
14. Be2 Ng6 15. Bh5 Be6 16. Be3 Rb7 17. a4 b4 18. c3 a5 19. cxb4 Bxd5 20. 
exd5 Rxb4 21. Bd2 Rxb2 22. Bxa5 Be7 23. Rfb1 Rxb1+ 24. Rxb1 Bd8 25. Rb8 
O-O 26. Bxg6 hxg6 27. Bd2 e4 28. a5 Bf6 29. Rxf8+ Kxf8 30. a6 Bd4 31. Be3 
c5 32. a7 1-0

[Event "Regular Quad, S40269"]
[Site "CCLA"]
[Date "2014.09.08"]
[Round "?"]
[White "Anderson, Lawrence D."]
[Black "Gunning, Edward E."]
[Result "0-1"]
[WhiteElo "1365"]
[BlackElo "1350"]

1. e4 e5 2. Nf3 Nc6 3. Bb5 Nge7 4. O-O a6 5. Ba4 b5 6. Bb3 Bb7 7. Ng5 d5 
8. Qf3 f6 9. Ne6 Qd6 10. exd5 Nb4 11. Nc3 Nbxd5 12. Nxf8 O-O-O 13. Nxd5 
Nxd5 14. Bxd5 Bxd5 15. Qf5+ Kb8 16. d3 Rdxf8 17. b3 Be6 18. Qf3 Qd4 19. 
Rb1 Qc3 20. Qe2 Re8 21. Bb2 Qa5 22. a3 Qb6 23. c4 Rd8 24. Rfd1 b4 25. Qe4 
c5 26. a4 a5 27. f4 exf4 28. Qxf4+ Ka7 29. d4 Ka6 30. d5 Bc8 31. d6 Rhf8 
32. Rd5 g5 33. Qf3 Rxd6 34. Rbd1 Re6 35. g4 Qc6 36. Rf1 Bb7 37. Rfd1 Qb6 
38. Qd3 Bxd5 39. Kf1 Be4 40. Qg3 Rd8 41. Rxd8 Qxd8 42. Bxf6 Qd1+ 0-1

[Event "Herbert W. Gustafson Memorial Open, S47089"]
[Site "CCLA"]
[Date "2014.10.27"]
[Round "?"]
[White "Gerber, David F."]
[Black "Richardson, Ryan M."]
[Result "1-0"]
[WhiteElo "1731"]
[BlackElo "1689"]

1. e4 e5 2. Nf3 Nc6 3. Bb5 Nd4 4. Nxd4 exd4 5. O-O c6 6. Bc4 d5 7. exd5 
cxd5 8. Bb5+ Bd7 9. Re1+ Be7 10. Qg4 Bxb5 11. Qxg7 Qd7 12. Qxh8 O-O-O 13. 
Qxd4 Kb8 14. d3 Rc8 15. Bf4+ Ka8 16. Nc3 Bc6 17. Bg3 Bd6 18. Bxd6 Qxd6 19.
 Re5 Nf6 20. Ne4 1-0

[Event "NA Class D Server Championship, S40139"]
[Site "CCLA"]
[Date "2014.04.30"]
[Round "?"]
[White "Selby, Robin"]
[Black "Williams, Rufus H."]
[Result "0-1"]
[WhiteElo "1230"]
[BlackElo "1222"]

1. e4 e5 2. Nf3 Nc6 3. Bb5 Nf6 4. Bxc6 dxc6 5. Nc3 Bc5 6. O-O O-O 7. Nxe5 
Bd4 8. Nf3 Bxc3 9. dxc3 Nxe4 10. Qxd8 Rxd8 11. h3 Bf5 12. g4 Be6 13. Kh2 
Bc4 14. Re1 Nxf2 15. b3 Nxg4+ 16. hxg4 Be6 17. g5 Rd5 18. Bb2 Bg4 19. c4 
Rf5 20. Ne5 Rxg5 21. Rg1 Rh5+ 22. Kg3 Bf5 23. Nf3 Bxc2 24. Kf2 Bg6 25. 
Rad1 b6 26. Rd4 Rf5 27. Rgd1 h6 28. R1d2 Bh5 29. R2d3 Bxf3 30. Rxf3 Rxf3+ 
31. Kxf3 g6 32. Kf4 Re8 33. Rd7 Rf8 34. Rxc7 c5 35. a3 Kh7 36. Rxa7 h5 37.
 Kg5 h4 38. Kxh4 Kh6 39. Ra6 g5+ 40. Kg3 f5 41. Rxb6+ Kh5 42. Bg7 f4+ 43. 
Kf3 g4+ 44. Kg2 Rf7 45. Bc3 f3+ 46. Kf1 g3 47. Be1 f2 48. Bxf2 Rxf2+ 49. 
Kg1 Ra2 50. b4 Kg4 51. bxc5 Kf3 52. c6 Ra1+ 0-1

[Event "Continuous Server Series, S40079"]
[Site "CCLA"]
[Date "2014.03.17"]
[Round "?"]
[White "Stroup, Jim"]
[Black "Kline, John T."]
[Result "1-0"]
[WhiteElo "1768"]
[BlackElo "1569"]

1. e4 e5 2. Nf3 Nc6 3. Bb5 Nf6 4. Qe2 Bc5 5. c3 Qe7 6. b4 Bb6 7. Na3 a6 8.
 Ba4 O-O 9. O-O d5 10. exd5 Nxd5 11. Bxc6 Nf4 12. Qxe5 Qxe5 13. Nxe5 bxc6 
14. Re1 Re8 15. d4 Nd5 16. Bd2 Bb7 17. Nac4 Ba7 18. Na5 Bc8 19. Naxc6 Bf5 
20. Nxa7 Rxa7 21. c4 Nb6 22. Nc6 Raa8 23. Ne7+ Rxe7 24. Rxe7 Nxc4 25. Rae1
Kf8 26. Bf4 c6 27. Rc7 Rc8 28. Ree7 Rxc7 29. Rxc7 Be4 30. Ra7 f6 31. Rxa6 
g5 32. f3 Bd3 33. Bc1 1-0

[Event "NA Class D Server Championship, S40139"]
[Site "CCLA"]
[Date "2014.04.30"]
[Round "?"]
[White "Williams, Rufus H."]
[Black "Selby, Robin"]
[Result "1-0"]
[WhiteElo "1222"]
[BlackElo "1230"]

1. e4 e5 2. Nf3 Nc6 3. Bb5 Nf6 4. d3 Bc5 5. O-O O-O 6. Bxc6 dxc6 7. h3 Bb6
8. Re1 h6 9. Nc3 Kh8 10. Be3 Bxe3 11. Rxe3 Nh7 12. Nxe5 Qe8 13. f4 Rg8 14.
 f5 g5 15. Ng4 h5 16. Nh6 Rg7 17. Qxh5 Nf6 18. Nxf7+ Kg8 19. Qh8+ Kxf7 20.
 Qxe8+ Nxe8 21. Rf1 b5 22. b4 Bb7 23. e5 Rd8 24. e6+ Ke7 25. Ne4 Rg8 26. 
f6+ Nxf6 27. Rxf6 g4 28. h4 c5 29. Nxc5 Kxf6 30. Nxb7 Rde8 31. Nc5 g3 32. 
Rf3+ Ke5 33. Re3+ Kd4 34. Re4+ Kc3 35. Kf1 Rgf8+ 36. Kg1 Kxc2 37. h5 Rf5 
38. h6 Rh5 39. Rg4 Kd2 40. Rxg3 Rxh6 41. Rf3 Reh8 42. Kf2 Rh1 43. e7 Re1 
44. Ne4+ Kd1 45. Rf8 Re2+ 46. Kf3 Ke1 47. Rxh8 1-0

[Event "Herbert W. Gustafson Memorial, S47209"]
[Site "CCLA"]
[Date "2014.10.27"]
[Round "?"]
[White "Sullivan, Terry"]
[Black "Lyons, Brenda M."]
[Result "0-1"]
[WhiteElo "1089"]
[BlackElo "1188"]

1. e4 e5 2. Nf3 Nc6 3. Bb5 Nf6 4. O-O Bc5 5. h3 a6 6. Nc3 axb5 7. d3 b4 8.
 Nd5 Nxd5 9. exd5 Ne7 10. Nxe5 f6 11. c3 fxe5 12. Bg5 bxc3 13. Qh5+ g6 14.
 Qf3 cxb2 15. Rae1 d6 16. Bxe7 Qxe7 17. d4 Bxd4 18. Rd1 Bf5 19. g4 b1=Q 
20. gxf5 Qxd1 21. Rxd1 Qf6 22. a4 Qxf5 23. Qxf5 gxf5 24. Rf1 Rxa4 25. h4 
Ra2 26. h5 Rg8+ 27. Kh1 Rxf2 28. Re1 Rfg2 29. h6 Rg1+ 30. Kh2 Rxe1 31. Kh3
Rh1# 0-1

[Event "Herbert W. Gustafson Memorial Open, S47119"]
[Site "CCLA"]
[Date "2014.10.27"]
[Round "?"]
[White "Smiley, William R."]
[Black "Lines, Daniel"]
[Result "1-0"]
[WhiteElo "1530"]
[BlackElo "1589"]

1. e4 e5 2. Nf3 Nc6 3. Bb5 Nf6 4. O-O d6 5. d4 a6 6. Bxc6+ bxc6 7. dxe5 
dxe5 8. Qxd8+ Kxd8 9. Nxe5 Be6 10. Nxc6+ Kc8 11. f3 Bd7 12. Nd4 Bc5 13. c3
Bxd4+ 14. cxd4 Bc6 15. Nc3 Rd8 16. Be3 Bb5 17. Nxb5 axb5 18. Rfd1 c6 19. 
Bg5 Rd6 20. Bf4 Re6 21. a3 Kb7 22. Rac1 Nh5 23. Bd2 Nf6 24. Bb4 Ree8 25. 
Rd2 h6 26. Rdc2 Rac8 27. h4 Nd7 28. g4 g6 29. Bd6 1-0

[Event "NA Class D Server Championship, S40139"]
[Site "CCLA"]
[Date "2014.04.30"]
[Round "?"]
[White "Anderson, Lawrence D."]
[Black "Williams, Rufus H."]
[Result "1-0"]
[WhiteElo "1365"]
[BlackElo "1222"]

1. e4 e5 2. Nf3 Nc6 3. Bb5 Nf6 4. O-O Nxe4 5. d4 Nxd4 6. Nxd4 Bc5 7. Qe2 
Bxd4 8. Qxe4 c6 9. Ba4 O-O 10. c3 d5 11. Qd3 f5 12. Be3 e4 13. Qxd4 f4 14.
 Bd2 Bh3 15. gxh3 Qg5+ 16. Kh1 Rf7 17. Rg1 Qh4 18. Be1 Qxh3 19. Bd1 Re8 
20. Bg4 Qh6 21. c4 Qd6 22. Nc3 f3 23. c5 Qh6 24. Bd2 Qh4 25. Raf1 Qf6 26. 
Qxf6 Rxf6 27. Be3 h6 28. Rg3 Ref8 29. h4 Rd8 30. Bd4 Rf7 31. Be6 Kf8 32. 
Bxf7 Kxf7 33. Rxg7+ Kf8 34. Rfg1 1-0

[Event "Herbert W. Gustafson Memorial, S47189"]
[Site "CCLA"]
[Date "2014.10.27"]
[Round "?"]
[White "Pinkall Pollei, Rich"]
[Black "Williams, Rufus H."]
[Result "1-0"]
[WhiteElo "1389"]
[BlackElo "1309"]

1. e4 e5 2. Nf3 Nc6 3. Bb5 Nf6 4. O-O Nxe4 5. d4 Nd6 6. Bxc6 dxc6 7. dxe5 
Nf5 8. Qxd8+ Kxd8 9. Nc3 a5 10. h3 Be7 11. Rd1+ Bd7 12. Bg5 Bxg5 13. Nxg5 
Ke8 14. Rd3 h6 15. Rad1 Rd8 16. Nxf7 Kxf7 17. Rxd7+ Rxd7 18. Rxd7+ Ke6 19.
 Rxc7 Kxe5 20. Rxb7 Rd8 21. g4 Nh4 22. Rxg7 Re8 23. Kh2 Rf8 24. Kg3 Nf3 
25. Ra7 Nd4 26. f4+ Ke6 27. f5+ Nxf5+ 28. gxf5+ Rxf5 29. Ne2 Rg5+ 30. Kf3 
Kd6 31. c4 Rh5 32. Nf4 Re5 33. Nd3 Rg5 34. Ke4 Rh5 35. c5+ Rxc5 36. Nxc5 
Kxc5 37. Rxa5+ Kb6 38. Rh5 1-0